Poverty, inequality, and development V.2 (Record no. 162478)

MARC details
000 -LEADER
fixed length control field 00375nam a22001457a 4500
003 - CONTROL NUMBER IDENTIFIER
control field OSt
082 ## - DEWEY DECIMAL CLASSIFICATION NUMBER
Classification number 338.91
Item number FIE/PO
100 ## - MAIN ENTRY--PERSONAL NAME
Personal name Fields, Gary S
245 ## - TITLE STATEMENT
Title Poverty, inequality, and development V.2
260 ## - PUBLICATION, DISTRIBUTION, ETC. (IMPRINT)
Place of publication, distribution, etc London
Name of publisher, distributor, etc Cambridge university press
Date of publication, distribution, etc 1980
300 ## - PHYSICAL DESCRIPTION
Extent 173p.
500 ## - GENERAL NOTE
General note Received as gratis from Dr. M Mohandas
546 ## - LANGUAGE
Language note English
942 ## - ADDED ENTRY ELEMENTS (KOHA)
Source of classification or shelving scheme Dewey Decimal Classification
Koha item type Books (General)
Holdings
Lost status Source of classification or shelving scheme Damaged status Not for loan Collection code Home library Current library Shelving location Date acquired Total Checkouts Full call number Barcode Date last seen Koha item type
  Dewey Decimal Classification     General KAU Central Library, Thrissur KAU Central Library, Thrissur General 08/11/2018   338.91 FIE/PO 809851 08/11/2018 Books (General)
Kerala Agricultural University Central Library
Thrissur-(Dt.), Kerala Pin:- 680656, India
Ph : (+91)(487) 2372219
E-mail: librarian@kau.in
Website: http://library.kau.in/